Approaches, Foundations, Issues and Models of Interfaith Relation (Record no. 20410)

MARC details
000 -LEADER
fixed length control field 00363nam a22001337a 4500
020 ## - INTERNATIONAL STANDARD BOOK NUMBER
ISBN 81-7214-621-3
082 ## - DEWEY DECIMAL CLASSIFICATION NUMBER
Classification number 305.603097 SIN
100 ## - MAIN ENTRY--AUTHOR NAME
Author name Singh, David Emmannul
245 ## - TITLE STATEMENT
Title Approaches, Foundations, Issues and Models of Interfaith Relation
260 ## - PUBLICATION, DISTRIBUTION, ETC. (IMPRINT)
Place of publication New Delhi
Name of publisher ISPCK/HMI
Year of publication 2001
300 ## - PHYSICAL DESCRIPTION
Number of Pages 409
650 ## - SUBJECT ADDED ENTRY--TOPICAL TERM
Topical Term Islam-Relations-Christianity
942 ## - ADDED ENTRY ELEMENTS (KOHA)
Koha item type E-Books
Holdings
Home library Current library Date acquired Source of acquisition Cost, normal purchase price Full call number Accession Number Koha item type
Henry Martyn Institute Library Henry Martyn Institute Library 05/24/2017 Henary Martyn Institute 200.00 305.608097 SIN 19951 E-Books
                   Copyright © 2026 | Henry Martyn Institute | Hyderabad | TS-500052 | INDIA | Implemented by hmi.edu.in
Hit-Count:

Powered by Koha